书目信息 |
| 题名: |
玻璃 金属板材及其装饰施工技术
|
|
| 作者: | 蒋泽汉 主编 | |
| 分册: | ||
| 出版信息: | 成都 四川科学技术出版社 1913 |
|
| 页数: | 285页 | |
| 开本: | 32开 | |
| 丛书名: | ||
| 单 册: | ||
| 中图分类: | TU767.6 | |
| 科图分类: | ||
| 主题词: | 建筑工程--工程施工 | |
| 电子资源: | ||
| ISBN: | 7-5364-3830-3 | |
| 000 | 00606nam0 2200193 45 | |
| 001 | 0010121649 | |
| 005 | 20001203102228.4 | |
| 010 | @a7-5364-3830-3@d13.00元 | |
| 100 | @a20001012d1913 km y0chiy0120 ea | |
| 101 | 0 | @achi |
| 105 | @a z 000yy | |
| 200 | 1 | @a玻璃 金属板材及其装饰施工技术@ABo Li Jin Shu Ban Cai Ji Qi Zhuang Shi Shi Gong Ji Shu@f蒋泽汉主编@FJiang Ze Han Zhu Bian |
| 210 | @a成都@c四川科学技术出版社@d1913 | |
| 215 | @a285页@d32开 | |
| 606 | 0 | @a建筑工程@x工程施工 |
| 690 | @aTU767.6@v3 | |
| 701 | 0 | @a蒋泽汉@4主编 |
| 801 | @aCN@bPftUser@c20001012 | |
| 905 | @dTU767.6@eJ311@b511197-201@f5 | |
| 玻璃 金属板材及其装饰施工技术/蒋泽汉主编.-成都:四川科学技术出版社,1913 |
| 285页;32开 |
| ISBN 7-5364-3830-3:13.00元 |
| ● |
| 相关链接 |
|
|
|
正题名:玻璃金属板材及其装饰施工技术
索取号:TU767.6/J311
 
预约/预借
| 序号 | 登录号 | 条形码 | 馆藏地/架位号 | 状态 | 备注 |
| 1 | 511197 | 205111975 | 建筑库201/201建筑库 48排2列2层/ [索取号:TU767.6/J311] | 在馆 | |
| 2 | 511198 | 205111984 | 建筑库201/201建筑库 48排2列2层/ [索取号:TU767.6/J311] | 在馆 | |
| 3 | 511199 | 205111993 | 建筑库201/201建筑库 48排2列2层/ [索取号:TU767.6/J311] | 在馆 | |
| 4 | 511200 | 205112000 | 建筑库201/201建筑库 48排2列2层/ [索取号:TU767.6/J311] | 在馆 | |
| 5 | 511201 | 205112019 | 建筑库201/201建筑库 48排2列2层/ [索取号:TU767.6/J311] | 在馆 |